| 000 | 00623nam a22001817a 4500 | ||
|---|---|---|---|
| 005 | 20140314125444.0 | ||
| 010 | _aENG-109448 | ||
| 020 |
_c265.00 _a9789350351949 |
||
| 035 | _aEN-92981 | ||
| 037 | _bDBAD/PUB | ||
| 082 | _a347.5414092 | ||
| 100 | _aKrishna Iyer, V.R. | ||
| 245 | 0 | 0 |
_aUnspeakable anecdotes : _cby V.R. Krishna Iyer _bmy life, judiciary and more / |
| 260 |
_aDelhi _bUniversal Law Publishing _c2012 |
||
| 270 |
_aC-FF-1A, Dilkhush Industrial Estate, (Near Azadpur Metro Station) G.T. Karnal Road, _bDelhi _e110033 |
||
| 300 |
_av,119p. _c25cm(Hb) |
||
| 942 |
_2ddc _cEN _mKRI _h347.5414092 |
||
| 999 |
_c82716 _d82716 |
||